[Event "POL-chT U20 1st League"]
[Site "Chotowa"]
[Date "2025.06.21"]
[Round "8.44"]
[White "Seemann, Pola"]
[Black "Kawulski Chodkiewicz, Alexander"]
[Result "1/2-1/2"]
[WhiteElo "1986"]
[BlackElo "1956"]
[PlyCount "60"]
[EventDate "2025.06.14"]
[EventType "team-swiss"]
[EventRounds "9"]
[EventCountry "POL"]
[SourceTitle "CB26_2025"]
[SourceDate "2025.06.25"]
[SourceVersion "1"]
[SourceVersionDate "2025.06.25"]
[SourceQuality "1"]
[WhiteTeam "Rybnik MKSz"]
[BlackTeam "Legnica Miedz"]
[WhiteTeamCountry "POL"]
[BlackTeamCountry "POL"]

1. e4 e6 2. d4 d5 3. Nc3 Nf6 4. Bg5 dxe4 5. Nxe4 Be7 6. Bxf6 gxf6 7. Nf3 f5 8. Nc3 a6 9. g3 b5 10. Bg2 Bb7 11. 0-0 0-0 12. Ne2 c5 13. Qd2 Nd7 14. Rad1 Qc7 15. Qh6 Kh8 16. Nf4 cxd4 17. Nxd4 Rg8 18. Nf3 Rad8 19. Nh3 Bxf3 20. Bxf3 Ne5 21. Bg2 Rxd1 22. Rxd1 Qxc2 23. Rc1 Qxb2 24. Rc7 Qb1+ 25. Bf1 Nf3+ 26. Kg2 Nh4+ 27. Kg1 Nf3+ 28. Kg2 Nh4+ 29. Kg1 Nf3+ 30. Kg2 Nh4+ 1/2-1/2

[Event "POL-chT U20 1st League"]
[Site "Chotowa"]
[Date "2025.06.20"]
[Round "7.26"]
[White "Kawulski Chodkiewicz, Alexander"]
[Black "Bartoszczuk, Adam"]
[Result "1-0"]
[WhiteElo "1956"]
[BlackElo "2008"]
[PlyCount "77"]
[EventDate "2025.06.14"]
[EventType "team-swiss"]
[EventRounds "9"]
[EventCountry "POL"]
[SourceTitle "CB26_2025"]
[SourceDate "2025.06.25"]
[SourceVersion "1"]
[SourceVersionDate "2025.06.25"]
[SourceQuality "1"]
[WhiteTeam "Legnica Miedz"]
[BlackTeam "Chrzanow"]
[WhiteTeamCountry "POL"]
[BlackTeamCountry "POL"]

1. e4 c5 2. Nc3 e6 3. Nge2 a6 4. g3 b5 5. d4 cxd4 6. Nxd4 Bb7 7. Bg2 Nf6 8. Qd3 Nc6 9. 0-0 Be7 10. Nxc6 dxc6 11. Qe2 0-0 12. Bf4 Qa5 13. a3 Rad8 14. g4 c5 15. g5 Nd7 16. Bd2 Qc7 17. f4 b4 18. Nd1 Rfe8 19. Ne3 f6 20. h4 fxg5 21. hxg5 Nf8 22. Nc4 Ng6 23. Qg4 Bc8 24. Be3 e5 25. f5 Nf4 26. axb4 cxb4 27. b3 Bc5 28. Bxc5 Qxc5+ 29. Kh2 Bd7 30. Rxa6 Bb5 31. Ra5 Qc6 32. Nxe5 Rxe5 33. Rxf4 Qxc2 34. f6 Be2 35. f7+ Kf8 36. Qd7 Rxd7 37. Ra8+ Ke7 38. f8Q+ Ke6 39. Re8+ 1-0

[Event "POL-chT U20 1st League"]
[Site "Chotowa"]
[Date "2025.06.16"]
[Round "3.8"]
[White "Etut, Filbert"]
[Black "Kawulski Chodkiewicz, Alexander"]
[Result "1/2-1/2"]
[WhiteElo "1938"]
[BlackElo "1956"]
[PlyCount "60"]
[EventDate "2025.06.14"]
[EventType "team-swiss"]
[EventRounds "9"]
[EventCountry "POL"]
[SourceTitle "CB26_2025"]
[SourceDate "2025.06.25"]
[SourceVersion "1"]
[SourceVersionDate "2025.06.25"]
[SourceQuality "1"]
[WhiteTeam "Bialoleka Bohema Sparta"]
[BlackTeam "Legnica Miedz"]
[WhiteTeamCountry "POL"]
[BlackTeamCountry "POL"]

1. e4 e6 2. d4 d5 3. Nd2 c5 4. Ngf3 Nc6 5. exd5 exd5 6. dxc5 Bxc5 7. Nb3 Bd6 8. h3 Nge7 9. Bd3 0-0 10. c3 Re8 11. 0-0 Ng6 12. Bg5 Be7 13. Be3 Nce5 14. Bxg6 Nxg6 15. Nbd4 Bd7 16. Qb3 Bc6 17. Nxc6 bxc6 18. Rfd1 Qc7 19. c4 Rab8 20. Qc2 dxc4 21. Rab1 Bf6 22. Bd4 Bxd4 23. Rxd4 Ne5 24. Nxe5 Rxe5 25. Rxc4 Rbe8 26. Qc3 c5 27. Rc1 Re2 28. Rxc5 Qf4 29. Rf1 Qb8 30. b4 Rxa2 1/2-1/2

[Event "POL-chT 2nd League"]
[Site "Jastrzebia Gora"]
[Date "2024.09.07"]
[Round "8.45"]
[White "Kawulski Chodkiewicz, Alexander"]
[Black "Papka, Sebastian"]
[Result "1-0"]
[WhiteElo "1917"]
[BlackElo "2093"]
[PlyCount "39"]
[EventDate "2024.08.31"]
[EventType "team-swiss"]
[EventRounds "9"]
[EventCountry "POL"]
[SourceTitle "EXT 2025"]
[Source "ChessBase"]
[SourceDate "2024.10.14"]
[SourceVersion "1"]
[SourceVersionDate "2024.10.14"]
[SourceQuality "1"]
[WhiteTeam "Legnica Miedz"]
[BlackTeam "Torun AZS UMK"]
[WhiteTeamCountry "POL"]
[BlackTeamCountry "POL"]

1. e4 e6 2. d4 d5 3. Nc3 dxe4 4. Nxe4 Nd7 5. Nf3 Ngf6 6. Nxf6+ Nxf6 7. g3 c5 8. Bg2 Bd7 9. Ne5 Qa5+ 10. Bd2 Qa6 11. c4 cxd4 12. 0-0 Bd6 13. Bf4 Qb6 14. b4 Qxb4 15. Rb1 Qc5 16. Nd3 Qxc4 17. Bxd6 Bc6 18. Ne5 Qa6 19. Nxc6 bxc6 20. Qxd4 1-0

[Event "Wroclaw op-B"]
[Site "Wroclaw"]
[Date "2024.08.12"]
[Round "7"]
[White "Kawulski Chodkiewicz, Alexander"]
[Black "Gajec, Roza"]
[Result "1-0"]
[WhiteElo "1917"]
[BlackElo "1747"]
[PlyCount "97"]
[EventDate "2024.08.08"]
[EventType "swiss"]
[EventRounds "9"]
[EventCountry "POL"]
[SourceTitle "EXT 2025"]
[Source "ChessBase"]
[SourceDate "2024.10.14"]
[SourceVersion "1"]
[SourceVersionDate "2024.10.14"]
[SourceQuality "1"]

1. e4 c5 2. Nf3 e6 3. Nc3 a6 4. g3 Nc6 5. d4 cxd4 6. Nxd4 Qc7 7. Bg2 Nf6 8. 0-0 Nxd4 9. Qxd4 Bc5 10. Bf4 d6 11. Qd2 h6 12. Rad1 e5 13. Be3 Bb4 14. Nb5 axb5 15. Qxb4 Rxa2 16. Qxb5+ Bd7 17. Qb4 0-0 18. c3 Ra6 19. h3 Be6 20. Rd2 Rd8 21. Rfd1 Rc6 22. Bf1 Bc4 23. Bxc4 Rxc4 24. Bb6 Qc6 25. Rxd6 Rxb4 26. Bxd8 Qxe4 27. cxb4 Qxb4 28. Bxf6 gxf6 29. Rxf6 Kg7 30. Rf5 Qxb2 31. g4 Qb3 32. Rd7 b5 33. Rxe5 Qxh3 34. Re3 Qh4 35. Rf3 Qg5 36. Rdxf7+ Kg6 37. R7f4 h5 38. Rb4 hxg4 39. Rg3 Qc1+ 40. Kh2 Qd2 41. Rgxg4+ Kf5 42. Kg2 Qd5+ 43. Kg3 Qd3+ 44. f3 Qf1 45. Rbf4+ Ke5 46. Rb4 Qe1+ 47. Kh2 Qf2+ 48. Rg2 Qh4+ 49. Rxh4 1-0

[Event "Wroclaw op-B"]
[Site "Wroclaw"]
[Date "2024.08.08"]
[Round "1"]
[White "Kawulski Chodkiewicz, Alexander"]
[Black "Leszczewicz, Karol"]
[Result "1-0"]
[WhiteElo "1917"]
[BlackElo "1787"]
[PlyCount "75"]
[EventDate "2024.08.08"]
[EventType "swiss"]
[EventRounds "9"]
[EventCountry "POL"]
[SourceTitle "EXT 2025"]
[Source "ChessBase"]
[SourceDate "2024.10.14"]
[SourceVersion "1"]
[SourceVersionDate "2024.10.14"]
[SourceQuality "1"]

1. e4 Nf6 2. e5 Nd5 3. d4 d6 4. Nf3 dxe5 5. Nxe5 g6 6. Be2 Bg7 7. 0-0 0-0 8. c4 Nb6 9. Nc3 c5 10. dxc5 Bxe5 11. cxb6 Qxb6 12. Nd5 Qd6 13. f4 Bg7 14. Be3 Be6 15. Qb3 Nd7 16. Rfd1 Bxd5 17. Rxd5 Qc7 18. Rad1 Nb6 19. Rc5 Qb8 20. Rb5 Rd8 21. c5 Rxd1+ 22. Qxd1 Nc8 23. Qd8+ Bf8 24. Bf3 Nd6 25. Qxb8 Rxb8 26. cxd6 exd6 27. Rxb7 Re8 28. Kf2 a5 29. Bd5 Re7 30. Rxe7 Bxe7 31. Bb6 a4 32. b4 axb3 33. axb3 Kf8 34. b4 Bf6 35. b5 Ke7 36. Bc6 d5 37. Bc7 Bd4+ 38. Kf3 1-0

[Event "POL-ch sf"]
[Site "Karpacz"]
[Date "2023.12.12"]
[Round "9"]
[White "Maciaszek, Karol"]
[Black "Kawulski Chodkiewicz, Alexander"]
[Result "1-0"]
[WhiteElo "1856"]
[BlackElo "1673"]
[PlyCount "91"]
[EventDate "2023.12.04"]
[EventType "swiss"]
[EventRounds "9"]
[EventCountry "POL"]
[SourceTitle "EXT 2025"]
[Source "ChessBase"]
[SourceDate "2024.10.14"]
[SourceVersion "1"]
[SourceVersionDate "2024.10.14"]
[SourceQuality "1"]

1. d4 e6 2. e4 d5 3. e5 c5 4. c3 Nc6 5. Nf3 Bd7 6. Be2 Nge7 7. Na3 Nf5 8. Nc2 cxd4 9. cxd4 Be7 10. 0-0 0-0 11. Bd3 g6 12. g4 Ng7 13. h4 f6 14. exf6 Bxf6 15. Kg2 e5 16. dxe5 Nxe5 17. Nxe5 Bxe5 18. Be2 Bc6 19. f4 Qxh4 20. Nb4 Bc7 21. Nxc6 bxc6 22. Be3 Rae8 23. Bd2 Ne6 24. Rh1 Qe7 25. f5 Nf4+ 26. Bxf4 Qe4+ 27. Bf3 Qxf4 28. Rh3 gxf5 29. Qd3 Re3 30. Bxd5+ Kh8 31. Qxe3 Qxg4+ 32. Kh1 cxd5 33. Rc1 d4 34. Rxh7+ Kxh7 35. Rxc7+ Kg6 36. Rc6+ Rf6 37. Qe8+ Kg5 38. Qg8+ Kf4 39. Qxg4+ fxg4 40. Rxf6+ Ke3 41. Kg2 Kd2 42. a4 Kc2 43. b4 Kb3 44. Rd6 Kc4 45. b5 d3 46. Rd7 1-0

[Event "POL-ch sf"]
[Site "Karpacz"]
[Date "2023.12.07"]
[Round "4"]
[White "Kazmierowski, Tymon"]
[Black "Kawulski Chodkiewicz, Alexander"]
[Result "1-0"]
[WhiteElo "2094"]
[BlackElo "1673"]
[PlyCount "113"]
[EventDate "2023.12.04"]
[EventType "swiss"]
[EventRounds "9"]
[EventCountry "POL"]
[SourceTitle "CBM 217 Extra"]
[Source "ChessBase"]
[SourceDate "2024.01.31"]
[SourceVersion "1"]
[SourceVersionDate "2024.01.31"]
[SourceQuality "1"]

1. d4 Nf6 2. Nf3 e6 3. Bg5 d5 4. e3 Be7 5. Bd3 0-0 6. 0-0 c5 7. c3 b6 8. Ne5 Nfd7 9. Bxe7 Qxe7 10. Qe2 Bb7 11. Nd2 Nc6 12. f4 f5 13. Nxd7 Qxd7 14. Bb5 a6 15. Bxc6 Bxc6 16. Rfd1 Bb5 17. Qf2 Bd3 18. dxc5 bxc5 19. Nb3 c4 20. Nc5 Qe7 21. Nxd3 cxd3 22. Rxd3 a5 23. Rc1 Rfc8 24. Rd2 a4 25. a3 Rab8 26. Rd4 Qa7 27. Qd2 Rb3 28. Rb4 Rxb4 29. cxb4 Rxc1+ 30. Qxc1 Qa6 31. Kf2 Kf7 32. Qc3 h6 33. h4 Qd6 34. b3 d4 35. Qd3 axb3 36. Qxb3 d3 37. b5 d2 38. Ke2 d1B+ 39. Qxd1 Qxa3 40. Qb1 Qa8 41. Kf2 Qa5 42. Qb2 Qb6 43. h5 g5 44. fxg5 hxg5 45. h6 f4 46. Qg7+ Ke8 47. Qg6+ Kf8 48. Qf6+ Ke8 49. Qe5 fxe3+ 50. Ke2 Qa5 51. Qxe6+ Kf8 52. Qf6+ Ke8 53. Qg6+ Kf8 54. Qg7+ Ke8 55. Qg8+ Kd7 56. Qd5+ Ke8 57. h7 1-0

[Event "Wroclaw Anderssen Memorial op-B"]
[Site "Wroclaw"]
[Date "2023.??.??"]
[Round "3"]
[White "Kawulski Chodkiewicz, Alexander"]
[Black "Borowski, Przemyslaw"]
[Result "1/2-1/2"]
[WhiteElo "1659"]
[BlackElo "1801"]
[PlyCount "98"]
[EventDate "2023.08.06"]
[EventType "swiss"]
[EventRounds "9"]
[EventCountry "POL"]
[SourceTitle "EXT 2024"]
[Source "ChessBase"]
[SourceDate "2023.10.10"]
[SourceVersion "1"]
[SourceVersionDate "2023.10.10"]
[SourceQuality "1"]

1. e4 c5 2. Nf3 a6 3. Nc3 Nc6 4. g3 b5 5. Bg2 Bb7 6. d4 cxd4 7. Nxd4 e6 8. 0-0 Bb4 9. a3 Bxc3 10. bxc3 Nge7 11. a4 d5 12. axb5 Nxd4 13. Qxd4 0-0 14. bxa6 Bxa6 15. Re1 Bc4 16. Rxa8 Qxa8 17. exd5 Bxd5 18. Bxd5 Qxd5 19. Ba3 Qxd4 20. cxd4 Re8 21. Bxe7 Rxe7 22. f4 Rc7 23. Re2 g6 24. Kf2 Rc3 25. Ke1 Rc4 26. Rd2 Kg7 27. Kd1 Kf6 28. Rd3 Kf5 29. Kd2 Kg4 30. d5 exd5 31. Rxd5 Kh3 32. Rd7 Kxh2 33. Rxf7 Kxg3 34. Rxh7 Rxf4 35. Rg7 Rf6 36. c4 Kf4 37. Kd3 Rd6+ 38. Kc3 g5 39. c5 Rc6 40. Kb4 g4 41. Kb5 Rc8 42. c6 g3 43. c7 Rxc7 44. Rxc7 g2 45. Rg7 Kf3 46. Kc4 Kf2 47. Rf7+ Kg3 48. Rg7+ Kf2 49. Rxg2+ Kxg2 1/2-1/2

[Event "Wroclaw Anderssen Memorial op-B"]
[Site "Wroclaw"]
[Date "2023.??.??"]
[Round "7"]
[White "Kawulski Chodkiewicz, Alexander"]
[Black "Woznica, Alicja1"]
[Result "1-0"]
[WhiteElo "1659"]
[BlackElo "1333"]
[PlyCount "97"]
[EventDate "2023.08.06"]
[EventType "swiss"]
[EventRounds "9"]
[EventCountry "POL"]
[SourceTitle "EXT 2024"]
[Source "ChessBase"]
[SourceDate "2023.10.10"]
[SourceVersion "1"]
[SourceVersionDate "2023.10.10"]
[SourceQuality "1"]

1. e4 e6 2. d4 d5 3. Nc3 Bb4 4. e5 c5 5. Bd2 Ne7 6. dxc5 Nbc6 7. Qg4 0-0 8. Nf3 Ng6 9. Qg3 Bd7 10. Bd3 Bxc5 11. a3 Nd4 12. 0-0-0 Qc7 13. Rde1 Nf5 14. Bxf5 exf5 15. Nxd5 Qc6 16. Nb4 Qa4 17. Nd3 Bxa3 18. bxa3 Rfc8 19. c3 Be6 20. Nb2 Qxa3 21. Nd4 Bd7 22. Qd3 Nf4 23. Qf3 Ne6 24. Nc2 Qa2 25. c4 Nc5 26. Re3 Qa6 27. Ra3 Qe6 28. Qd5 Qb6 29. Ba5 Qh6+ 30. Qd2 Qg6 31. f3 Be6 32. Rd1 h6 33. Bb4 Nd7 34. f4 b6 35. Qe2 Nb8 36. Rg3 Qh7 37. Bd6 Nc6 38. Nd4 Bxc4 39. Nxc4 Na5 40. Rc3 a6 41. Kb2 Nxc4+ 42. Rxc4 b5 43. Rxc8+ Rxc8 44. Rc1 Rxc1 45. Kxc1 g5 46. Qc2 Qg6 47. Qc8+ Kg7 48. Qxf5 Qh5 49. Qf6+ 1-0

[Event "POL-ch sf"]
[Site "Karpacz"]
[Date "2022.12.10"]
[Round "8"]
[White "Owoc, Jakub"]
[Black "Kawulski Chodkiewicz, Alexander"]
[Result "1/2-1/2"]
[WhiteElo "1837"]
[BlackElo "1521"]
[PlyCount "165"]
[EventDate "2022.12.03"]
[EventType "swiss"]
[EventRounds "9"]
[EventCountry "POL"]
[SourceTitle "CBM 211 Extra"]
[Source "ChessBase"]
[SourceDate "2023.01.31"]
[SourceVersion "1"]
[SourceVersionDate "2023.01.31"]
[SourceQuality "1"]

1. d4 Nf6 2. Bg5 d5 3. Bxf6 exf6 4. e3 Bd6 5. g3 0-0 6. Bg2 c6 7. Nd2 Be6 8. Ne2 Nd7 9. b3 f5 10. 0-0 Nb6 11. Qc1 a5 12. c4 Bb4 13. c5 Bxd2 14. Qxd2 Nd7 15. Rfc1 Qc7 16. a3 Ra7 17. Nc3 g6 18. Qb2 Rfa8 19. f3 h5 20. Re1 b6 21. cxb6 Nxb6 22. Rac1 Qd6 23. Bf1 Rb7 24. Nb1 Nd7 25. Qc3 Rb6 26. Re2 Nf8 27. Rb2 Bd7 28. Qc5 Qb8 29. Nd2 Ne6 30. Qc3 Qd6 31. b4 axb4 32. axb4 Rab8 33. Rcb1 Bc8 34. b5 cxb5 35. Rxb5 Ba6 36. Rxb6 Rxb6 37. Rxb6 Qxb6 38. Qb3 Qxb3 39. Nxb3 Bxf1 40. Kxf1 Kf8 41. Na5 f6 42. Ke2 Ke7 43. Kd2 Kd7 44. Kc3 Ng5 45. f4 Nf3 46. h4 Nh2 47. Kd3 Nf1 48. Ke2 Nxg3+ 49. Kf3 Ne4 50. Nb7 Kc7 51. Na5 Nd2+ 52. Ke2 Kb6 53. Nb7 Kxb7 54. Kxd2 Kb6 55. Kc3 Ka5 56. Kc2 Kb5 57. Kb3 Kc6 58. Kc3 Kd6 59. Kd3 Ke6 60. Ke2 Kf7 61. Kf3 Kg7 62. Kg3 Kh6 63. Kh3 g5 64. hxg5+ fxg5 65. fxg5+ Kxg5 66. Kg3 h4+ 67. Kf3 h3 68. Kg3 h2 69. Kxh2 f4 70. Kg2 fxe3 71. Kf3 e2 72. Kxe2 Kf4 73. Kd3 Kf3 74. Kd2 Ke4 75. Kc3 Ke3 76. Kc2 Kxd4 77. Kd2 Ke4 78. Ke2 d4 79. Kd2 d3 80. Kd1 Ke3 81. Ke1 d2+ 82. Kd1 Kf3 83. Kxd2 1/2-1/2

[Event "POL-ch sf"]
[Site "Karpacz"]
[Date "2022.12.08"]
[Round "6"]
[White "Kaczmarek, Arkadiusz"]
[Black "Kawulski Chodkiewicz, Alexander"]
[Result "1/2-1/2"]
[WhiteElo "2141"]
[BlackElo "1521"]
[PlyCount "82"]
[EventDate "2022.12.03"]
[EventType "swiss"]
[EventRounds "9"]
[EventCountry "POL"]
[SourceTitle "CBM 211 Extra"]
[Source "ChessBase"]
[SourceDate "2023.01.31"]
[SourceVersion "1"]
[SourceVersionDate "2023.01.31"]
[SourceQuality "1"]

1. d4 Nf6 2. Nf3 e6 3. c4 d5 4. Nc3 c6 5. Bg5 Be7 6. e3 0-0 7. Qc2 Nbd7 8. 0-0-0 dxc4 9. Bxc4 b5 10. Bd3 h6 11. h4 Bb7 12. Kb1 Rc8 13. Ne5 a6 14. Qe2 Qe8 15. Qf3 Rc7 16. Nxd7 Rxd7 17. Bxf6 Bxf6 18. Be4 Qa8 19. g4 Bd8 20. g5 f5 21. gxf6 Rxf6 22. Qh5 Bb6 23. Rhg1 Qd8 24. Rg6 Kf8 25. Rdg1 Rdf7 26. f4 Qc7 27. Rxf6 Rxf6 28. Rg6 Rxg6 29. Qxg6 Qf7 30. Qg2 Qd7 31. Ne2 Bd8 32. Nc1 Be7 33. Nd3 Bd6 34. Qf3 Qe8 35. Qg4 Qe7 36. Qh5 c5 37. Bxb7 Qxb7 38. Nxc5 Bxc5 39. Qxc5+ Kf7 40. Qh5+ g6 41. Qxh6 Qe4+ 1/2-1/2

[Event "POL-ch U20"]
[Site "Karpacz"]
[Date "2022.11.27"]
[Round "9"]
[White "Boryna, Szymon"]
[Black "Kawulski Chodkiewicz, Alexander"]
[Result "1/2-1/2"]
[WhiteElo "1484"]
[BlackElo "1449"]
[PlyCount "108"]
[EventDate "2022.11.19"]
[EventType "swiss"]
[EventRounds "9"]
[EventCountry "POL"]
[SourceTitle "EXT 2024"]
[Source "ChessBase"]
[SourceDate "2023.10.10"]
[SourceVersion "1"]
[SourceVersionDate "2023.10.10"]
[SourceQuality "1"]

1. c4 e5 2. Nc3 Nc6 3. e3 Nf6 4. Nf3 Bb4 5. Qc2 0-0 6. Nd5 d6 7. Ng5 g6 8. h4 Nxd5 9. cxd5 Ne7 10. h5 Nf5 11. Ne4 Ng7 12. a3 Ba5 13. Be2 f5 14. Ng3 f4 15. Nf1 Qg5 16. hxg6 hxg6 17. Bf3 Bg4 18. Qd1 fxe3 19. Nxe3 Bxf3 20. gxf3 Nf5 21. Nxf5 Qxf5 22. Qe2 Qxf3 23. Qxf3 Rxf3 24. Rg1 Kg7 25. Rg3 Rf5 26. f3 Rh8 27. b4 Rh1+ 28. Ke2 Bb6 29. Bb2 Rh2+ 30. Kd3 Rf2 31. Rg4 R5xf3+ 32. Kc2 Rf4 33. Rg3 Rf1 34. Rxf1 Rxf1 35. Rg4 Kf6 36. Rc4 Kf5 37. a4 a5 38. bxa5 Bxa5 39. Bc3 Bb6 40. a5 Bc5 41. Rh4 Bd4 42. Rh7 Bxc3 43. Rf7+ Kg5 44. Rxf1 Bxa5 45. Kd3 Bb6 46. Rf8 Kg4 47. Ke2 g5 48. Rg8 Kf4 49. d3 g4 50. Rf8+ Kg3 51. Rb8 Kg2 52. Rxb7 g3 53. Rb8 Bg1 54. Rg8 Bb6 1/2-1/2

[Event "POL-ch U20"]
[Site "Karpacz"]
[Date "2022.11.24"]
[Round "7"]
[White "Kawulski Chodkiewicz, Alexander"]
[Black "Rog, Bartlomiej"]
[Result "0-1"]
[WhiteElo "1449"]
[BlackElo "2055"]
[PlyCount "64"]
[EventDate "2022.11.19"]
[EventType "swiss"]
[EventRounds "9"]
[EventCountry "POL"]
[SourceTitle "EXT 2024"]
[Source "ChessBase"]
[SourceDate "2023.10.10"]
[SourceVersion "1"]
[SourceVersionDate "2023.10.10"]
[SourceQuality "1"]

1. d4 g6 2. c4 Bg7 3. Nf3 d6 4. g3 Bg4 5. Bg2 Nc6 6. d5 Bxf3 7. Bxf3 Ne5 8. Bg2 Nf6 9. 0-0 0-0 10. Qc2 c6 11. dxc6 Nxc6 12. Rd1 Rc8 13. Nc3 Nd7 14. Be3 Nde5 15. c5 Nc4 16. Bc1 Nd4 17. Qe4 dxc5 18. Bg5 Nxb2 19. Bxe7 Nxd1 20. Rxd1 Qa5 21. Bxf8 Rxf8 22. Nd5 Qxa2 23. Ne7+ Kh8 24. Qxb7 Nxe2+ 25. Kh1 c4 26. Bd5 Nc3 27. Rf1 Nxd5 28. Qxd5 Qe2 29. Rb1 Qxe7 30. Qxc4 a5 31. Qb5 Qe4+ 32. Kg1 a4 0-1

[Event "POL-ch U20"]
[Site "Karpacz"]
[Date "2022.11.21"]
[Round "3"]
[White "Suska, Szymon"]
[Black "Kawulski Chodkiewicz, Alexander"]
[Result "1-0"]
[WhiteElo "1819"]
[BlackElo "1449"]
[PlyCount "113"]
[EventDate "2022.11.19"]
[EventType "swiss"]
[EventRounds "9"]
[EventCountry "POL"]
[SourceTitle "EXT 2024"]
[Source "ChessBase"]
[SourceDate "2023.10.10"]
[SourceVersion "1"]
[SourceVersionDate "2023.10.10"]
[SourceQuality "1"]

1. Nf3 Nf6 2. g3 c5 3. Bg2 Nc6 4. 0-0 e6 5. d4 d5 6. c3 b6 7. Bf4 Bb7 8. Ne5 Bd6 9. Nxc6 Bxc6 10. Bxd6 Qxd6 11. Nd2 0-0 12. Nf3 Rac8 13. Ne5 cxd4 14. Qxd4 Nd7 15. Nxd7 Qxd7 16. e4 dxe4 17. Qxd7 Bxd7 18. Bxe4 Rfd8 19. Rfd1 Ba4 20. b3 Be8 21. c4 Kf8 22. Kf1 h6 23. Ke2 Ke7 24. Rxd8 Rxd8 25. Rd1 Rxd1 26. Kxd1 Kd6 27. Kd2 f5 28. Bg2 e5 29. Kc3 a5 30. a3 g5 31. b4 axb4+ 32. axb4 Bd7 33. Kd3 Be6 34. f4 gxf4 35. gxf4 h5 36. h4 Bf7 37. Bh3 Be6 38. Bf1 Bg8 39. Be2 Bf7 40. Ke3 Be8 41. Bd1 Bf7 42. Bb3 Be8 43. c5+ bxc5 44. bxc5+ Kxc5 45. fxe5 Bc6 46. Kf4 Bd7 47. e6 Be8 48. Kxf5 Kd6 49. Kf6 Bc6 50. e7 Be8 51. Bc4 Kc7 52. Kg7 Kd6 53. Kf8 Bc6 54. Bf7 Ke5 55. Bxh5 Kf6 56. e8Q Bxe8 57. Bxe8 1-0

[Event "POL-ch U20"]
[Site "Karpacz"]
[Date "2022.11.20"]
[Round "2"]
[White "Kawulski Chodkiewicz, Alexander"]
[Black "Koziorowicz, Michal"]
[Result "0-1"]
[WhiteElo "1449"]
[BlackElo "2296"]
[PlyCount "90"]
[EventDate "2022.11.19"]
[EventType "swiss"]
[EventRounds "9"]
[EventCountry "POL"]
[SourceTitle "EXT 2024"]
[Source "ChessBase"]
[SourceDate "2023.10.10"]
[SourceVersion "1"]
[SourceVersionDate "2023.10.10"]
[SourceQuality "1"]

1. e4 c5 2. Nf3 Nc6 3. Nc3 g6 4. d4 cxd4 5. Nxd4 Bg7 6. Be3 Nf6 7. Bc4 Qa5 8. 0-0 0-0 9. Bb3 d6 10. f3 Bd7 11. Qd2 Rfe8 12. Rad1 Rac8 13. Nxc6 Bxc6 14. Nd5 Qxd2 15. Rxd2 Nxd5 16. exd5 Bd7 17. c3 a5 18. Bc2 b5 19. Bb6 Ra8 20. Bd4 Rec8 21. Bxg7 Kxg7 22. Re1 Kf6 23. a3 b4 24. cxb4 axb4 25. axb4 Rab8 26. Re4 Bf5 27. Ree2 Rxb4 28. Bxf5 gxf5 29. Kf2 Rb5 30. Re1 Rcb8 31. Ree2 R8b6 32. g3 e5 33. dxe6 fxe6 34. f4 Rb3 35. Ke1 h5 36. Kf2 h4 37. gxh4 d5 38. Kg2 Rb8 39. Rc2 Rg8+ 40. Kh1 Rb4 41. Rc6 Re4 42. Rxe4 fxe4 43. Rc2 e3 44. Rg2 d4 45. b4 d3 0-1

[Event "Rubinstein Memorial op-D 57th"]
[Site "Polanica Zdroj"]
[Date "2021.08.22"]
[Round "9"]
[White "Krawiec, Grzegorz"]
[Black "Kawulski Chodkiewicz, Alexander"]
[Result "1/2-1/2"]
[WhiteElo "1836"]
[BlackElo "1445"]
[PlyCount "97"]
[EventDate "2021.08.14"]
[EventType "swiss"]
[EventRounds "9"]
[EventCountry "POL"]
[SourceTitle "CBM 204 Extra"]
[Source "ChessBase"]
[SourceDate "2021.11.30"]
[SourceVersion "1"]
[SourceVersionDate "2021.11.30"]
[SourceQuality "1"]

1. e4 c5 2. Nf3 d6 3. d4 cxd4 4. Nxd4 Nf6 5. Nc3 a6 6. g3 e5 7. Nb3 Be7 8. Bg2 0-0 9. a4 Be6 10. 0-0 Nbd7 11. Re1 Nb6 12. Nd2 Qc7 13. a5 Nc4 14. Nxc4 Qxc4 15. Be3 Rac8 16. Ra4 Qc7 17. Re2 Qd7 18. Ra1 Bh3 19. Nd5 Nxd5 20. Qxd5 Be6 21. Qd2 Qb5 22. b3 Rfd8 23. Bb6 Rd7 24. Qe3 Bd8 25. Bxd8 Rdxd8 26. c4 Qc5 27. Qd3 b6 28. axb6 Qxb6 29. Ra3 h6 30. h4 Rb8 31. Kh2 Qb4 32. Rea2 a5 33. Bh3 Bxh3 34. Kxh3 Qe1 35. Kg2 Qb4 36. Rxa5 Qxb3 37. Qxb3 Rxb3 38. Rd2 Rb4 39. Rxe5 Rxc4 40. f3 dxe5 41. Rxd8+ Kh7 42. Rd5 f6 43. h5 Rc2+ 44. Kh3 Rc3 45. Kg4 Re3 46. Ra5 Re2 47. Ra4 Rg2 48. Rb4 Re2 49. Rc4 1/2-1/2

[Event "Poronin Tatra Limba op-B"]
[Site "Poronin"]
[Date "2021.05.22"]
[Round "1.11"]
[White "Kawulski Chodkiewicz, Alexander"]
[Black "Lazniewska, Zofia"]
[Result "1-0"]
[WhiteElo "1216"]
[BlackElo "1548"]
[PlyCount "113"]
[EventDate "2021.05.22"]
[EventType "swiss"]
[EventRounds "9"]
[EventCountry "POL"]
[SourceTitle "EXT 2022"]
[Source "ChessBase"]
[SourceDate "2021.10.06"]
[SourceVersion "1"]
[SourceVersionDate "2021.10.06"]
[SourceQuality "1"]

1. e4 c5 2. Nf3 Nc6 3. d4 cxd4 4. Nxd4 g6 5. Nc3 Bg7 6. Be3 Nf6 7. Nxc6 bxc6 8. e5 Ng8 9. f4 f6 10. Qf3 Qa5 11. e6 d5 12. f5 Bh6 13. Bd3 Bxe3 14. Qxe3 g5 15. g4 Rb8 16. 0-0-0 Qb6 17. Qxb6 axb6 18. h4 Kf8 19. h5 Nh6 20. Be2 Kg7 21. Na4 Rd8 22. Bf3 Ba6 23. b3 Rd6 24. Rhg1 Kf8 25. Rd4 Bb5 26. Nb2 Rbd8 27. Rb4 Rb8 28. c4 Ba6 29. c5 Rdd8 30. cxb6 c5 31. Ra4 Rxb6 32. Ra5 Rc6 33. Na4 Bb7 34. Rxc5 Rxc5+ 35. Nxc5 Rc8 36. b4 Ba8 37. Kb2 Ke8 38. Nd7 Rc4 39. a3 Rf4 40. Rg3 Bc6 41. Nc5 Bb5 42. a4 Rxb4+ 43. Ka3 Rc4 44. axb5 Rxc5 45. Kb4 Rc4+ 46. Ka5 Rc3 47. Ka6 Kd8 48. Kb7 Rb3 49. b6 Rc3 50. Ka7 Ra3+ 51. Kb8 Rb3 52. b7 d4 53. Rg1 Rxf3 54. Rc1 Rc3 55. Rxc3 dxc3 56. Ka8 c2 57. b8Q# 1-0